Az employer branding helye az emberi erőforrás menedzsmenten belül és kapcsolata a szervezeti stratégiához

Bibliográfiai részletek
Szerző: Preininger Katalin
További közreműködők: Németh Dr. Tamás
Dokumentumtípus: Projektmunka
Kulcsszavak:Munkáltatói márka
szervezeti stratégia
ember erőforrás
Online Access:http://dolgozattar.uni-bge.hu/16963

MARC

LEADER 00000nnm a2200000 i 4500
001 dolg16963
005 20180516093013.0
008 180516suuuu hu o 000 hun d
040 |a BGE Dolgozattár Repozitórium  |b hun 
041 |a hu 
100 1 |a Preininger Katalin 
245 1 3 |a Az employer branding helye az emberi erőforrás menedzsmenten belül és kapcsolata a szervezeti stratégiához  |c Preininger Katalin  |h [elektronikus dokumentum] 
246 1 1 |a Az employer branding helye az emberi erőforrás menedzsmenten belül és kapcsolata a szervezeti stratégiához 
516 |a Project_work 
695 |a Munkáltatói márka 
695 |a szervezeti stratégia 
695 |a ember erőforrás 
700 1 |a Németh Dr. Tamás  |e ths 
856 4 0 |u http://dolgozattar.uni-bge.hu/16963/2/titkositasi_kerelem.pdf  |z Dokumentum-elérés 
856 4 0 |u http://dolgozattar.uni-bge.hu/16963/12/Z%C3%A1r%C3%B3%20dolg_jav%20munkalappal.pdf  |z Dokumentum-elérés